Szombaton újra szavazás nem szavazhat, aki nem mutatja meg igazolványát

Bibliographic Details
Format: Article
Language:Hungarian
Slovak
Subjects:

MARC

LEADER 00000nab a2200000 ar4500
001 vtls008627785
003 SK-MaSNL
005 20260319070355.0
008 060224c20051207xo |||||||| 000 b|hun
015 |a SNBRB2006/02  |2 snkbucl 
038 |a SNKBUCL 
040 |a DSZK  |b slo  |c DSZK  |d SNKBUCL  |e AACR2 
041 0 |a slo 
044 |a xo  |c SK 
080 |a 324  |x (437.6):353.9  |2 UDC-MRF-SK2 
080 |a 353.9  |x (437.6)  |2 UDC-MRF-SK2 
245 0 0 |a Szombaton újra szavazás  |b nem szavazhat, aki nem mutatja meg igazolványát  |c [szerző] (sza, ú) 
300 |b Fotogr. 
650 0 7 |a krajská samospráva  |x regionálne voľby  |z Slovensko  |y 2005  |x predvolebná kampaň  |2 snkbucl  |9 1072797 
650 0 7 |a regionálne voľby  |z Slovensko  |y 2005  |x predvolebná kampaň  |2 snkbucl  |9 1072798 
650 0 7 |a volebná kampaň  |z Slovensko  |y 2005   |2 snkbucl  |9 84219 
773 0 |t Új szó  |g Évf. 58, sz. 282 (7.12.2005), o. 3 
852 |a SNK  |b KIS3GCP 
852 |a DSZK  |b KIS3GCP 
958 |a HU 
958 |a SK 
999 |c 1763607  |d 1765537